ბათუმის შოთა რუსთაველის სახელმწიფო უნივერსიტეტის ბიბლიოთეკა

ჩანაწერი Corporate Name

ჩანაწერთა რაოდენობა, რომელიც გამოყენებულია: 1

001 - CONTROL NUMBER

  • control field: 4427

003 - CONTROL NUMBER IDENTIFIER

  • control field: GE_BSU

005 - DATE AND TIME OF LATEST TRANSACTION

  • control field: 20191001151553.0

008 - FIXED-LENGTH DATA ELEMENTS

  • fixed length control field: 191001|| aca||aabn | a|a d

040 ## - CATALOGING SOURCE

  • Original cataloging agency: GE_BSU
  • Transcribing agency: GE_BSU

110 ## - HEADING--CORPORATE NAME

  • Corporate name or jurisdiction name as entry element: მემედ აბაშიძის სახ. სამეცნიერო კვლევითი ცენტრის მემედ აბაშიძის მემკვიდრეობისა და ქართული კულტურის კვლევის გან–ბა

670 ## - SOURCE DATA FOUND

  • Source citation: Work cat.: (GE_BSU)38089: ბათუმის შოთა რუსთაველის სახ. სახ. უნ–ტი /